Regions To Countries #4 - Statistics

General Stats
  • This quiz has been taken 137 times
  • The average score is 12 of 15
Answer Stats
Region Country % Correct
Greenland Denmark
100%
Oklahoma United States
97%
Crete Greece
96%
Honshu Japan
93%
Suez Egypt
90%
Sichuan China
88%
Martinique France
88%
Tabasco Mexico
88%
Cayman islands United Kingdom
81%
Calabria Italy
78%
Ceuta Spain
73%
Marmara Region Turkey
66%
Orange Free State South Africa
65%
Thuringia Germany
61%
Pondichéry India
49%
No matching quizzes found
Score Distribution
Percent of People with Each Score
Percentile by Number Answered
Your Score History
You have not taken this quiz